00789nam a2200229 a 450000100100000000500170001000800410002702000150006804000250008308200230010824501340013125000110026526000470027630000340032349000230035765000410038065000240042165000420044570000200048770000290050783000230053600002152020200930011343.0100908s1973 es ac r 000 | spa d a8423966046 aDO-SdBNPbspacBNPHU a643.6bH141r, 197300aHaga y repare usted mismo sus instalaciones eléctricas /ccolaboración de André Loué; traducción de Luis Joly García. a3a ed. aMadrid, (España) :bEspasa-Calpe,c1973. a64 p., :bil, retrs ;c17 cm.1 aHagalo usted mismo 4aInstalaciones eléctricasxManuales 4aLineas eléctricas 4aDistribución de energia eléctrica1 aLoué, André1 aGarcía, Luis Jolyetr. 0aHagalo Usted Mismo